| 000 -LEADER |
| fixed length control field |
01003nam a22002297a 4500 |
| 008 - FIXED-LENGTH DATA ELEMENTS--GENERAL INFORMATION |
| fixed length control field |
250524b xxu||||| |||| 00| 0 eng d |
| 040 ## - CATALOGING SOURCE |
| Transcribing agency |
Cagayan State University |
| 082 ## - DEWEY DECIMAL CLASSIFICATION NUMBER |
| Classification number |
791.4372 |
| 245 ## - TITLE STATEMENT |
| Title |
One fast move / directed by Kelly Blatz ; written by Kelly Blatz ; produced by Mike Karz Bill Bindley. |
| 260 ## - PUBLICATION, DISTRIBUTION, ETC. (IMPRINT) |
| Place of publication, distribution, etc |
United States |
| Name of publisher, distributor, etc |
Gulfstream PicturesLuber Roklin Entertainment |
| Date of publication, distribution, etc |
2024 |
| 300 ## - PHYSICAL DESCRIPTION |
| Extent |
1 videofile, (ca. 108 mins.) : |
| Other physical details |
sound, color |
| 520 ## - SUMMARY, ETC. |
| Summary, etc |
A young man seeks out his estranged father to pursue his dream of becoming a professional motorcycle racer. With help from his love interest and a motorcycle shop owner, he begins to break down the walls his father's absence had created. |
| 546 ## - LANGUAGE NOTE |
| Language note |
In English subtitle |
| 600 ## - SUBJECT ADDED ENTRY--PERSONAL NAME |
| Personal name |
Action |
| 700 ## - ADDED ENTRY--PERSONAL NAME |
| Personal name |
Apa, KJ, star. |
| 700 ## - ADDED ENTRY--PERSONAL NAME |
| Personal name |
Dane, Eric, star. |
| 700 ## - ADDED ENTRY--PERSONAL NAME |
| Personal name |
Reficco, Maia, star. |
| 700 ## - ADDED ENTRY--PERSONAL NAME |
| Personal name |
Olmos, Edward James. star. |
| 700 ## - ADDED ENTRY--PERSONAL NAME |
| Personal name |
Ziemba, Adam Thomas, star. |
| 700 ## - ADDED ENTRY--PERSONAL NAME |
| Personal name |
North, Austin, star, |
| 942 ## - ADDED ENTRY ELEMENTS (KOHA) |
| Source of classification or shelving scheme |
|
| Item type |
Audio-Visual Materials |